| 000 | 00705cas a22002295a 4500 | ||
|---|---|---|---|
| 001 | L321 | ||
| 008 | 070622c2002 xxkbr p 0 a0eng | ||
| 022 | 1 | _a1478-7539 | |
| 035 | _a(Sirsi) u98947 | ||
| 041 | 0 | _aeng | |
| 110 |
_aDepartment for Environment, Food and Rural Affairs _94094 |
||
| 245 | 0 | 0 | _aEnergy, Resource, Environmental and Sustainable Management |
| 260 |
_aChestergate _bMcMillan Scott _c2002- |
||
| 362 | 0 | _a2002- | |
| 520 | _aKept for one year | ||
| 554 | _aSix per year | ||
| 651 | 4 |
_aUnited Kingdom _y |
|
| 690 | _aENVIRONMENTAL AND LAND CONSULTANCY-ENVIRONMENTAL MANAGEMENT | ||
| 780 | 0 | 0 |
_tEnergy and Environmental Management _x1460-7530 |
| 942 | _n0 | ||
| 948 | _c21/09/1994 | ||
| 999 |
_c118595 _d118595 |
||